| 000 -LEADER |
| fixed length control field |
00588cam a22001457a 4500 |
| 008 - FIXED-LENGTH DATA ELEMENTS--GENERAL INFORMATION |
| fixed length control field |
180718b1972 xxu||||| |||| 00| 0 eng d |
| 082 ## - DEWEY DECIMAL CLASSIFICATION NUMBER |
| Classification number |
B12x73 Un3int/84 |
| 100 ## - MAIN ENTRY--PERSONAL NAME |
| Personal name |
United States. The Commission on Population growth and the American future research reports |
| 245 ## - TITLE STATEMENT |
| Title |
Governance and population: the governmental implications of population change |
| Statement of responsibility, etc. |
edited by A.E. Keir Nash |
| 260 ## - PUBLICATION, DISTRIBUTION, ETC. |
| Place of publication, distribution, etc. |
Washington, D.C. |
| Name of publisher, distributor, etc. |
U.S. Government Printing Office |
| Date of publication, distribution, etc. |
1972 |
| 300 ## - PHYSICAL DESCRIPTION |
| Extent |
342p. |
| 500 ## - GENERAL NOTE |
| General note |
Chairman: John D. Rockfeller |
| 700 ## - ADDED ENTRY--PERSONAL NAME |
| Personal name |
Rockefeller, John D., Chairman |
| 700 ## - ADDED ENTRY--PERSONAL NAME |
| Personal name |
Keir Nash, A.E. |